Loading...
| Fine Arts - Painting and Sculpture | 0 | 4 | 1 | 1 | 35 | 112 | 129.00 | 0 | 2 | 0.00 | 0.00 |
| Religion | 0 | 3 | 0 | 1 | 30 | 117 | 127.00 | 1 | 2 | 0.00 | 0.00 |
| Fine Arts - Other | 0 | 2 | 0 | 0 | 20 | 52 | 93.50 | 2 | 2 | 0.00 | 0.00 |
| Literature - American | 0 | 2 | 0 | 0 | 20 | 118 | 128.50 | 0 | 2 | 0.00 | 0.00 |
| Social Science | 0 | 2 | 0 | 1 | 20 | 117 | 122.00 | 2 | 2 | 0.00 | 0.00 |
| Fine Arts - Classical Music | 0 | 3 | 2 | 0 | 20 | 53 | 94.33 | 1 | 2 | 0.00 | 0.00 |
| Mythology | 0 | 2 | 0 | 1 | 20 | 66 | 93.50 | 0 | 2 | 0.00 | 0.00 |
| Science - Biology | 0 | 2 | 0 | 1 | 20 | 95 | 106.50 | 0 | 2 | 0.00 | 0.00 |
| History - World | 0 | 2 | 1 | 1 | 15 | 81 | 106.50 | 0 | 2 | 0.00 | 0.00 |
| Literature - British | 0 | 2 | 1 | 0 | 15 | 73 | 85.50 | 1 | 1 | 0.00 | 0.00 |
| Other Academic | 0 | 1 | 0 | 0 | 10 | 97 | 97.00 | 1 | 1 | 0.00 | 0.00 |
| Current Events | 0 | 1 | 0 | 0 | 10 | 72 | 72.00 | 1 | 1 | 0.00 | 0.00 |
| Pop Culture | 0 | 1 | 0 | 0 | 10 | 132 | 132.00 | 0 | 1 | 0.00 | 0.00 |
| Literature - World | 0 | 1 | 1 | 0 | 5 | 126 | 126.00 | 0 | 1 | 0.00 | 0.00 |
| Science - Other | 0 | 1 | 1 | 1 | 5 | 103 | 103.00 | 0 | 1 | 0.00 | 0.00 |
| Science - Chemistry | 0 | 0 | 0 | 0 | 0 | 0.00 | 0 | 0 | 0.00 | 0.00 | |
| Literature - European | 0 | 0 | 0 | 0 | 0 | 0.00 | 0 | 0 | 0.00 | 0.00 | |
| Science - Physics | 0 | 0 | 0 | 0 | 0 | 0.00 | 0 | 0 | 0.00 | 0.00 | |
| Philosophy | 0 | 1 | 2 | 0 | 0 | 113 | 113.00 | 0 | 0 | 0.00 | 0.00 |